Síntesis orgánica / (Record no. 72164)

MARC details
000 -LEADER
campo de control de longitud fija 00709nam a2200205 i 4500
001 - NÚMERO DE CONTROL
campo de control 72164
003 - IDENTIFICADOR DE NÚMERO DE CONTROL
campo de control ES-MaACL
005 - FECHA Y HORA DE LA ÚLTIMA TRANSACCIÓN
campo de control 20230906171336.0
007 - CAMPO FIJO DE DESCRIPCIÓN FÍSICA--INFORMACIÓN GENERAL
campo de control de longitud fija t|
008 - DATOS DE LONGITUD FIJA--INFORMACIÓN GENERAL
campo de control de longitud fija 040826s1950 sp a |||| | spa d
245 00 - MENCIÓN DEL TÍTULO
Título Síntesis orgánica /
Mención de responsabilidad, etc. dirigido por Henry Gilman, A.H. Blatt ; traducción por Fernando Calvet, Faustino Cordón.
260 ## - PUBLICACIÓN, DISTRIBUCIÓN, ETC.
Lugar de publicación, distribución, etc. Barcelona :
Nombre del editor, distribuidor, etc. Gustavo Gili,
Fecha de publicación, distribución, etc. 1950 (
Fabricante Casa Provincial de Caridad, Imp. Escuela)
300 ## - DESCRIPCIÓN FÍSICA
Extensión 2 v. :
Otras características físicas il. ;
Dimensiones 24 cm.
650 04 - PUNTO DE ACCESO ADICIONAL DE MATERIA--TÉRMINO DE MATERIA
Término de materia o nombre geográfico como elemento de entrada Compuestos orgánicos-
Subdivisión general Síntesis.
9 (RLIN) 11185
700 1# - ENTRADA AGREGADA--NOMBRE PERSONAL
Nombre de persona Gilman, Henry.
9 (RLIN) 56996
700 1# - ENTRADA AGREGADA--NOMBRE PERSONAL
Nombre de persona Blatt, A. H.
9 (RLIN) 29420
700 1# - ENTRADA AGREGADA--NOMBRE PERSONAL
Nombre de persona Calvet, Fernando.
9 (RLIN) 33808
700 1# - ENTRADA AGREGADA--NOMBRE PERSONAL
Nombre de persona Cordón, Faustino.
9 (RLIN) 40557
852 ## - LOCALIZACIÓN
Ubicación ES-MaACL
Número de control de estantería A-5997-98
Holdings
Estatus retirado Estado de pérdida Estado de daño No para préstamo Biblioteca de origen Biblioteca actual Ubicación en estantería Fecha de adquisición Fuente de adquisición Total de préstamos Signatura topográfica completa Código de barras Visto por última vez Precio de reemplazo Tipo de ítem Koha
        Biblioteca del Ateneo de Madrid Biblioteca del Ateneo de Madrid Sala Pecera Planta 1 17/01/2008     A-5997-98 1075549 23/02/2023 23/02/2023 Libro impreso